000 00484nam a2200181Ia 4500
005 20250326141620.0
008 250326s9999 xx 000 0 und d
037 _aTextbook
040 _aFMSL
_beng
_cFMSL
041 _aeng
_2eng
084 _qFMSL
100 _aRiggio RE
_9744771
245 0 _aIntroduction industrial organizational psychology
_cRiggio RE
260 _aLondon
_bLondon, Scott Foresman
_c1990
300 _a508p
942 _cTB
999 _c1291155
_d1291155